000
00297nam a2200121 4500
001
14028
007
tu
008
|||||||||||| ger
100
1
_a
Krause, Otto
245
0
4
_a
Die Frankfurter Schicksalstage
_b
Vorfrühling 1945
_c
Verf. Otto Krause
365
_c
€
546
_a
deutsch
999
_c
74567
_d
74567